00499 2200193 4500001002100000005001500021035002000036007000300056008004100059020001800100082001200118084001800130100002300148245004100171250001000212260003100222300003900253990001300292INLIS00000000000098920171108021655 a0010-1117000071ta171108 0  a979-781-604-4 a297.673 a297.673 SUD p0 aSudrajat,A.Suryana1 aPuing Kearifan /cA.Suryana Sudrajat acet.5 aJakarta :bErlangga,c2008 axiii,95 hlm :b.ilus ;c13 x 19 cm a1072 818